|
|
|
|
| LEADER |
00000nam a2200000 a 4500 |
| 001 |
vtls009281856 |
| 003 |
SK-MaSNL |
| 005 |
20260425225709.0 |
| 008 |
240315s2007 xo oa g 000 0 slo |
| 015 |
|
|
|a SNBA2008/09-04056
|
| 020 |
|
|
|a 9788089218370
|q (viaz.)
|
| 035 |
|
|
|a 0894CCAE-FEBE-49B0-BE3E-FE744BE4E4B4
|
| 035 |
|
|
|a urn:nbn:sk:snk-aml637
|
| 035 |
|
|
|a urn:nbn:sk:snk-am008v04
|
| 040 |
|
|
|a SNK
|b slo
|c SNK
|e AACR2
|
| 041 |
0 |
|
|a slo
|
| 043 |
|
|
|a e-xo---
|
| 044 |
|
|
|a xo
|c SK
|
| 072 |
|
7 |
|a 94(437)
|x Dejiny Česka a Slovenska
|2 koncept
|
| 080 |
|
|
|a (=411.16)(092)
|2 2001
|
| 080 |
|
|
|a (437.6)
|2 2001
|
| 080 |
|
|
|a (048.8)
|2 2001
|
| 100 |
1 |
|
|a Salner, Peter,
|d 1951-
|4 aut
|9 100837
|
| 245 |
1 |
0 |
|a Mozaika židovskej Bratislavy
|b [...v rámci Centra excelentnosti Copart a grantu VEGA č. 2/5105/25 Diverzifikácia ako faktor formovania identity]
|c Peter Salner
|
| 250 |
|
|
|a 1. vyd.
|
| 260 |
|
|
|a Bratislava
|b Albert Marenčin PT
|c 2007
|
| 300 |
|
|
|a 199 s.
|b ilustr, fotogr.
|c 21 cm
|
| 490 |
1 |
|
|a Bratislava - Pressburg
|
| 504 |
|
|
|a Bibliogr. s. 197-199
|
| 648 |
|
7 |
|a 20. stor., 30.-40. r
|2 SNKPH
|9 405086
|
| 650 |
0 |
7 |
|a dejiny Židov
|2 SNKPH
|9 83301
|
| 651 |
|
7 |
|a Bratislava (Slovensko)
|2 SNKPH
|9 14568
|
| 655 |
|
7 |
|a monografie
|2 SNKPH
|9 70139
|
| 830 |
|
0 |
|a Bratislava - Pressburg
|9 310617
|
| 919 |
|
|
|a 978-80-89218-37-0
|
| 958 |
|
|
|a NM
|
| 958 |
|
|
|a NB
|
| 958 |
|
|
|a OND
|
| 968 |
|
|
|d 93/94
|
| 999 |
|
|
|c 656259
|d 658189
|
| 952 |
|
|
|a SNK
|b SNK
|y PREZ
|7 0
|p 17A0593614
|o snkSC 132382
|i snk2008/13341
|8 0
|0 0
|1 0
|4 0
|d 2008-07-01
|f 1
|l 0
|r 2025-06-23 00:00:00
|w 2026-02-23
|
| 952 |
|
|
|a SNK
|b SNK
|y VYP
|7 0
|p 17A0593613
|o snkSC 132382 D1
|i snk2008/13342
|8 0
|0 0
|1 0
|4 0
|d 2008-07-01
|l 0
|r 2026-02-23 18:37:14
|w 2026-02-23
|